bring it on down oasis all lyrics - Statistics

General Stats
  • This quiz has been taken 52 times
  • The average score is 129 of 197
Answer Stats
lyrics % Correct
i
100%
you
96%
a
92%
your
92%
that
88%
the
88%
brain
84%
sound
84%
to
84%
what
84%
dont
80%
on
80%
out
80%
was
80%
youre
80%
around
76%
be
76%
because
76%
but
76%
fast
76%
it
76%
living
76%
outcast
76%
underclass
76%
bring
72%
care
72%
down
68%
ringing
68%
me
64%
for
60%
head
60%
know
60%
of
60%
tonight
60%
end
56%
ghost
56%
my
56%
shoe
56%
today
56%
train
56%
who
56%
just
52%
own
52%
sole
52%
and
48%
devil
48%
gonna
48%
got
48%
guest
48%
in
48%
stays
48%
uninvited
48%
breathe
44%
cant
44%
find
44%
fish
44%
from
44%
heads
44%
here
44%
like
44%
sends
44%
tank
44%
till
44%
ill
40%
mind
40%
problem
40%
youve
40%
blame
36%
body
36%
lives
36%
talking
36%
think
36%
bout
32%
scraping
32%
theyre
28%
their
24%
blur
20%
breather
0%
No matching quizzes found
Score Distribution
Percent of People with Each Score
Percentile by Number Answered
Your Score History
You have not taken this quiz